Survey on foot and mounth disease of cattle in Tbeng Mean Chey district, Preah vihear province; ការអង្កេតទៅលើជំងឺអុតក្ដាមគោ នៅស្រុកត្បែងមានជ័យ ខេត្តព្រះវិហារ (Record no. 10995)
[ view plain ]
| 000 -LEADER | |
|---|---|
| fixed length control field | 00659nam a22001577a 4500 |
| 003 - CONTROL NUMBER IDENTIFIER | |
| control field | OSt |
| 005 - DATE AND TIME OF LATEST TRANSACTION | |
| control field | 20161129150104.0 |
| 008 - FIXED-LENGTH DATA ELEMENTS--GENERAL INFORMATION | |
| fixed length control field | 161129b xxu||||| |||| 00| 0 eng d |
| 040 ## - CATALOGING SOURCE | |
| Transcribing agency | RUA |
| 082 ## - DEWEY DECIMAL CLASSIFICATION NUMBER | |
| Classification number | VEM SON 2015 B543 Or.1 |
| 100 ## - MAIN ENTRY--PERSONAL NAME | |
| 9 (RLIN) | 11439 |
| Personal name | SON CHIN; សុន ជីន |
| 245 ## - TITLE STATEMENT | |
| Title | Survey on foot and mounth disease of cattle in Tbeng Mean Chey district, Preah vihear province; ការអង្កេតទៅលើជំងឺអុតក្ដាមគោ នៅស្រុកត្បែងមានជ័យ ខេត្តព្រះវិហារ |
| 260 ## - PUBLICATION, DISTRIBUTION, ETC. (IMPRINT) | |
| Place of publication, distribution, etc. | Phnom penh |
| Name of publisher, distributor, etc. | RUA |
| Date of publication, distribution, etc. | 2015 |
| 300 ## - PHYSICAL DESCRIPTION | |
| Extent | ix;35p; |
| Other physical details | ill; |
| Dimensions | 29cm; |
| 942 ## - ADDED ENTRY ELEMENTS (KOHA) | |
| Source of classification or shelving scheme | |
| Koha item type | VEM |
| Price effective from | Date last seen | Permanent Location | Not for loan | Date acquired | Source of classification or shelving scheme | Koha item type | Barcode | Lost status | Damaged status | Shelving location | Withdrawn status | Current Location | Full call number |
|---|---|---|---|---|---|---|---|---|---|---|---|---|---|
| 2016-11-29 | 2016-11-29 | Library Block B | 2016-11-29 | VEM | A05542 | B543 | Library Block B | VEM SON 2015 B543 Or.1 | |||||
| 2016-11-29 | 2016-11-29 | Library Block B | 2016-11-29 | VEM | A05419 | B543 | Library Block B | VEM SON 2015 B543 Or.2 | |||||
| 2016-11-29 | 2016-11-29 | Library Block B | 2016-11-29 | VEM | A05386 | B543 | Library Block B | VEM SON 2015 B543 Or.3 | |||||
| 2016-11-29 | 2016-11-29 | Library Block B | 2016-11-29 | VEM | A05494 | B543 | Library Block B | VEM SON 2015 B543 Or.4 | |||||
| 2016-11-29 | 2016-11-29 | Library Block B | 2016-11-29 | VEM | A05644 | B543 | Library Block B | VEM SON 2015 B543 Or.5 | |||||
| 2016-11-29 | 2016-11-29 | Library Block B | 2016-11-29 | VEM | A05470 | B543 | Library Block B | VEM SON 2015 B543 Or.6 | |||||
| 2016-11-29 | 2016-11-29 | Library Block B | 2016-11-29 | VEM | A05617 | B543 | Library Block B | VEM SON 2015 B543 Or.7 |